00406nam a2200121Ia 4500001000400000008004100004082001900045100007500064245007400139260002800213901002800241999001500269818241024s9999 xx 000 0 und d aRD/372.1/R426a aRepública Dominicana.Secretaría de Estado de Educación y Cultura 2aA jugar aprender y disfrutar con adivinanzas, trabalenguas y refranes b[*SIN EDITORIAL*]c2006 a3/12/2010 10:35:08 a.m. c8731d8731